Jacques le fataliste et son maitre

Furkejuvvon:
Bibliográfalaš dieđut
Váldodahkki: Diderot
Materiálatiipa: Girji
Giella:Undetermined
Almmustuhtton: París, Francia Gallimard 1959
Fáttát:
Fáddágilkorat: Lasit fáddágilkoriid
Eai fáddágilkorat, Lasit vuosttaš fáddágilkora!

MARC

LEADER 00000nam a2200000Ia 4500
008 170316s9999 xx 000 0 und d
999 |c 7628  |d 7628 
040 |a cru BVZT 
090 |a 840 D-10j 
100 |a Diderot 
245 |a Jacques le fataliste et son maitre 
260 |a París, Francia 
260 |b Gallimard 
260 |c 1959 
300 |a 286 páginas 
650 |a LITERATURA FRANCESA  |9 109 
942 |c 15 D  |h 840 D-10j  |2 z